II Curs bàsic per a tècnics de formació ocupacional : Barcelona, del 13 de novembre al 4 de desembre de 1998 Barcelona, del 13 de novembre al 4 de desembre de 1998
Descripción Física:
1 f. plegat en 3 parts : il. col., fot. ; 40 x 21 cm plegat a 21 x 10 cm
MARC
| LEADER | 00000nam a2200000Ia 4500 | ||
|---|---|---|---|
| 001 | 24576 | ||
| 008 | 160829s9999 xx 000 0 cat d | ||
| 080 | |a FU-67-67 | ||
| 245 | |a II Curs bàsic per a tècnics de formació ocupacional : |b Barcelona, del 13 de novembre al 4 de desembre de 1998 | ||
| 260 | |a Barcelona : |b Diputació de Barcelona. Servei de Foment a l'Ocupació, DL 1998 | ||
| 300 | |a 1 f. plegat en 3 parts : |b il. col., fot. ; |c 40 x 21 cm plegat a 21 x 10 cm | ||
| 590 | |a Inclou el programa de les jornades i una butlleta d'inscripció | ||
| 650 | 0 | |a Formació ocupacional |x Barcelona (Catalunya : Província) |9 34880 | |
| 710 | 1 | |a Barcelona (Catalunya : Província). |b Servei de Foment a l'Ocupació |9 54333 | |
| 901 | |a Arxiu | ||
| 942 | |n 1 | ||
| 952 | |0 0 |1 0 |4 0 |6 FU6767 |7 1 |9 55653 |a Arxiu |b Arxiu |d 2016-12-01 |l 0 |o FU-67-67 |p 24576 |r 2016-12-01 00:00:00 |w 2016-12-01 |y ARXIU | ||
| 999 | |c 59526 |d 59526 | ||